Music Quiz

Random Music or Missing Word Quiz

Quick Pick: Kim Wilde Songs Quiz Stats

 Plays Quiz not verified by Sporcle

Score 0/20 Timer 02:00
0 Plays Today
% Correct
Dancing
90%
Hangin'
85%
Have
85%
Kids
82.5%
Step
82.5%
Really
82.5%
Four
82.5%
Glass
80%
Came
80%
Second
80%
% Correct
View
75%
Chequered
75%
Natural
75%
Trust
75%
Heartache
75%
Cambodia
62.5%
Suburbs
57.5%
Love
50%
Child
50%
Rage
45%

You're not logged in!

Compare scores with friends on all Sporcle quizzes.
OR
Log In

You Might Also Like...

Show Comments

Extras

Top Quizzes Today


Score Distribution

Your Account Isn't Verified!

In order to create a playlist on Sporcle, you need to verify the email address you used during registration. Go to your Sporcle Settings to finish the process.

Report this User

Report this user for behavior that violates our Community Guidelines.

Details: